Fr. Conceicao Rodrigues College of Engineering

Introductory statistics (Record no. 34584)

MARC details
000 -LEADER
fixed length control field 00311nam a2200145Ia 4500
082 ## - DEWEY DECIMAL CLASSIFICATION NUMBER
Classification number 519.5
Item number WON
100 ## - MAIN ENTRY--PERSONAL NAME
Personal name Wonnacott R.J & T.H
245 ## - TITLE STATEMENT
Title Introductory statistics
260 ## - PUBLICATION, DISTRIBUTION, ETC.
Name of publisher, distributor, etc. John wiley
Place of publication, distribution, etc. Singapore
Date of publication, distribution, etc. 1985
300 ## - PHYSICAL DESCRIPTION
Extent 649
546 ## - LANGUAGE NOTE
Language note ENGLISH
654 ## - SUBJECT ADDED ENTRY--FACETED TOPICAL TERMS
Focus term statistics
942 ## - ADDED ENTRY ELEMENTS (KOHA)
Koha item type BOOK
Holdings
Withdrawn status Lost status Damaged status Not for loan Collection Home library Current library Date acquired Source of acquisition Cost, normal purchase price Inventory number Total Checkouts Full call number Barcode Date last seen Cost, replacement price Price effective from Koha item type
        CRC Fr. Agnel's C.Rodrigues College of Engineering Fr. Agnel's C.Rodrigues College of Engineering 17/03/2023 Progressive Books 526.30 2056 dt 05.9.92   519.5 WON 3810 17/03/2023 526.30 05/09/1992 BOOK